|
|
|
|
| LEADER |
01020nam a2200277 a 4500 |
| 001 |
4926497 |
| 008 |
100818s1996 nyua 001 0 eng d |
| 010 |
|
|
|a 95038872
|
| 020 |
|
|
|a 047111007
|
| 020 |
|
|
|a 0471036617 (cloth : alk. paper)
|
| 040 |
|
|
|a DLC
|c DLC
|d DLC
|d BD-DhAAL
|
| 082 |
0 |
0 |
|a 657
|2 20
|
| 100 |
1 |
|
|a Weygandt, Jerry J.
|
| 245 |
0 |
0 |
|a Accounting principles /
|c Jerry J. Weygandt, Donald E. Kieso, Walter G. Kell.;prepared with the assistance of Anne Lee Bain.
|
| 250 |
|
|
|a 4th ed.
|
| 260 |
|
|
|a New York :
|b Wiley,
|c c1996.
|
| 300 |
|
|
|a 1 v. (various pagings) :
|b col. ill. ;
|c 28 cm.
|
| 500 |
|
|
|a working papers 1, chapters 1-13
|
| 541 |
1 |
|
|e 00007907
|
| 650 |
|
0 |
|a Accounting.
|
| 700 |
1 |
|
|a Kieso, Donald E.
|
| 700 |
1 |
|
|a Kell, Walter Gerry,
|d 1921-
|
| 700 |
1 |
|
|a Bain,Anne Lee.
|
| 852 |
4 |
|
|a Ayesha Abed Library
|j General shelf
|
| 999 |
|
|
|c 9210
|d 9210
|
| 952 |
|
|
|0 0
|1 0
|2 ddc
|4 0
|6 657_WEY
|7 0
|9 11634
|a BRACUL
|b BRACUL
|c GEN
|d 2010-08-18
|l 8
|m 34
|o 657 WEY
|p 3010007907
|q 2026-04-23
|r 2025-11-11
|s 2025-11-11
|t 1
|w 2010-08-18
|y BK
|